000 00785nam a2200217Ii 4500
003 JO-AjNU
008 230606s9999||||xx |||||||||||||| ||und||
017 _a2005/5769
020 _a977-271-738-7
040 _aJO-AjNU
_beng
_erda
_cJO-AjNU
041 _aeng
050 1 4 _aP306.M86 2005
100 3 _aA.Mo'men,Akram تأليف,
_eauthor
_93609
245 0 2 _aA Guide Toefl Vocabulary :Best Preparation For Toefl And Other Standardized Tests
264 3 1 _aالقاهرة:مكتبة ابن سينا للطبع والنشر والتوزيع,2005
300 _a159p
336 _atext
_btxt
_2rdacontent
337 _aunmediated
_bn
_2rdamedia
338 _avolume
_bnc
_2rdacarrier
650 4 _aToefl-دليل المفردات الانجليزية لاختبار التوفل
_93610
999 _aE1883
_c1883
_d1883